| 000 | 00461nam a22001817a 4500 | ||
|---|---|---|---|
| 003 | MPLRDC | ||
| 005 | 20220104124135.0 | ||
| 008 | 210129b ||||| |||| 00| 0 eng d | ||
| 020 | _a7-5327-0021-6 | ||
| 082 | _a873.57 DIC | ||
| 100 | _aCHARLES DICKENS 狄更斯 | ||
| 245 |
_a圣诞故事集 _c汪倜然等译 |
||
| 250 | _a一版一刷 | ||
| 260 |
_a _b上海译文出版社 _c1988 |
||
| 300 | _b精 | ||
| 650 | _a英国文学 | ||
| 942 |
_cBK _o873.57 DIC |
||
| 999 |
_c16955 _d16945 |
||